[Event "45th Olympiad Budapest 2024"]
[Site "Budapest"]
[Date "2024.09.20"]
[Round "9.2"]
[White "Burovic, Rijad"]
[Black "Pultinevicius, Paulius"]
[Result "0-1"]
[WhiteElo "2426"]
[BlackElo "2587"]
[PlyCount "74"]
[EventDate "2024.09.11"]
[EventType "team"]
[EventRounds "11"]
[EventCountry "HUN"]
[WhiteTeam "Bosnia & Herzegovina"]
[BlackTeam "Lithuania"]
[WhiteTeamCountry "BIH"]
[BlackTeamCountry "LTU"]

1. e4 c6 2. d4 d5 3. e5 Bf5 4. h4 h5 5. c4 e6 6. Nc3 dxc4 7. Bxc4 Nd7 8. Nge2 Be7 9. Be3 ({RR} 9. g3 Bg4 10. Bf4 Nh6 11. Qd3 b5 12. Bb3 Nc5 13. Qd1 Nxb3 14. axb3 b4 15. Bxh6 bxc3 16. Bxg7 cxb2 17. Rb1 Rg8 18. Bf6 Qd5 19. Rh2 Ba3 20. Bg5 Bf5 21. Nc3 Bb4 {0-1 (21) Giri,A (2780)-Artemiev,V (2704) chess24.com INT 2021}) 9... Nb6 ({RR} 9... Nh6 10. Ng3 Bg6 11. Nxh5 Nf5 12. Nf4 Rxh4 13. Rxh4 Bxh4 14. Kf1 Nf8 15. Nxg6 Nxg6 16. Ne4 Be7 17. g4 Nxe3+ 18. fxe3 c5 19. dxc5 Nxe5 20. Qxd8+ Rxd8 21. Bb5+ Kf8 22. g5 Nf3 23. g6 f5 24. Nd6 {Kostolansky,S (2413)-Stremavicius,T (2538) Piestany SVK 2024 0-1 (34)}) 10. Bd3 Bxd3 11. Qxd3 Nh6 $146 ({RR} 11... Nd5 12. Nxd5 Qxd5 13. Nf4 Qa5+ 14. Ke2 g6 15. b4 Qa4 16. b5 Nh6 17. bxc6 bxc6 18. Rhc1 Ng4 19. g3 c5 20. Qc4 Qxc4+ 21. Rxc4 Nxe3 22. fxe3 cxd4 23. exd4 Kd7 24. Rb1 Rab8 25. Rxb8 Rxb8 26. Ra4 {Kadric,D (2601)-Daneshvar,B (2577) Ankara TUR 2023 ½-½}) 12. Ng3 Ng4 13. Bg5 Nxe5 14. Qe2 Ned7 15. f4 g6 16. O-O-O Qc7 17. Bxe7 Qxf4+ 18. Kb1 Kxe7 19. Nge4 Qg4 20. Qe3 Nc4 21. Qd3 b5 22. Rhf1 f5 23. Ng5 Qxg2 24. Ne2 Nf6 25. Ka1 Nd5 26. b3 Nce3 27. Nf4 Nc2+ 28. Kb1 Na3+ 29. Ka1 Nxf4 30. Rxf4 Nc2+ 31. Kb1 Nb4 32. Qc3 Qxa2+ 33. Kc1 Qa3+ 34. Kd2 Nd5 35. Qxc6 Qa5+ 36. b4 Qxb4+ 37. Ke2 Qc4+ 0-1

[Event "45th Olympiad Budapest 2024"]
[Site "Budapest"]
[Date "2024.09.20"]
[Round "9.3"]
[White "Laurusas, Tomas"]
[Black "Culum, Sanjin"]
[Result "1-0"]
[WhiteElo "2569"]
[BlackElo "2409"]
[PlyCount "139"]
[EventDate "2024.09.11"]
[EventType "team"]
[EventRounds "11"]
[EventCountry "HUN"]
[WhiteTeam "Lithuania"]
[BlackTeam "Bosnia & Herzegovina"]
[WhiteTeamCountry "LTU"]
[BlackTeamCountry "BIH"]

1. d4 Nf6 2. c4 e6 3. g3 d5 4. Bg2 Bb4+ 5. Nd2 O-O 6. Ngf3 dxc4 7. Qc2 Bd7 8. Qxc4 Bxd2+ 9. Bxd2 Bc6 10. O-O Bd5 11. Qa4 ({RR} 11. Qc2 Be4 12. Qc1 Nbd7 13. Bg5 h6 14. Bxf6 Nxf6 15. Rd1 c6 16. Qe3 Bxf3 17. Bxf3 Qa5 18. Qb3 Qb6 19. Qc2 Rfd8 20. e3 Rd7 21. Rac1 Rad8 22. Kg2 g6 23. h4 h5 24. a3 a5 25. Qc5 Qxc5 {Flynn,J (2177)-Bazeev,G (2369) chess.com INT 2024 1-0 (59)}) 11... Bc6 $146 ({RR} 11... Nbd7 12. Rac1 b6 13. Bb4 Re8 14. Rfd1 Ne4 15. Nd2 Ndf6 16. Nf1 a5 17. Ba3 Nxf2 18. Kxf2 Ng4+ 19. Kg1 Bxg2 20. Kxg2 Qd5+ 21. e4 Qxe4+ 22. Kg1 b5 23. Qxb5 e5 24. Qd3 Qb7 25. Qe2 h5 26. Qg2 {Bargsten,J (2108)-Nielsen-Refs,K (1981) Walsrode GER 2023 1-0 (36)}) 12. Qa3 Nbd7 13. Rfd1 Nb6 14. Rac1 h6 15. Ba5 Bd5 16. b3 Rc8 17. Bd2 c6 18. Ba5 Re8 19. Rd2 Ra8 20. Rd3 Be4 21. Rdd1 Qb8 22. Be1 a5 23. Qb2 a4 24. Ne5 Bxg2 25. Kxg2 axb3 26. axb3 Qd8 27. f3 Nbd7 28. Nd3 Qb6 29. e4 Qb5 30. Rc4 Qb6 31. Rb4 Qc7 32. Rc1 Ra6 33. Ra4 Rea8 34. Rca1 Qb6 35. g4 Qb5 36. Qc2 Qb6 37. Qc4 Qb5 38. Rxa6 bxa6 39. Rc1 Rc8 40. Nb4 Nb8 41. Qxb5 axb5 42. Bg3 Nfd7 43. Bd6 f6 44. f4 Kf7 45. e5 g5 46. fxg5 hxg5 47. Nd3 fxe5 48. dxe5 c5 49. Nxc5 Kg6 50. Nd3 Rxc1 51. Nxc1 Nc6 52. Nd3 Na5 53. b4 Nc4 54. Kf3 Nd2+ 55. Ke2 Nc4 56. h3 Kf7 57. Kf3 Ndb6 58. Ke4 Na4 59. Kd4 Nd2 60. Nc5 Nb6 61. Ke3 Ndc4+ 62. Kd4 Nd2 63. Nb7 Nd7 64. Nd8+ Kg6 65. Nxe6 Nf3+ 66. Kd5 Ng1 67. Kc6 Nf6 68. exf6 Kxf6 69. Kd5 Nxh3 70. Bc5 1-0

[Event "45th Olympiad Budapest 2024"]
[Site "Budapest"]
[Date "2024.09.20"]
[Round "9.4"]
[White "Marjanovic, Dejan"]
[Black "Pidluznij, Gleb"]
[Result "1/2-1/2"]
[WhiteElo "2365"]
[BlackElo "2425"]
[PlyCount "140"]
[EventDate "2024.09.11"]
[EventType "team"]
[EventRounds "11"]
[EventCountry "HUN"]
[WhiteTeam "Bosnia & Herzegovina"]
[BlackTeam "Lithuania"]
[WhiteTeamCountry "BIH"]
[BlackTeamCountry "LTU"]

1. d4 d5 2. Nc3 Nf6 3. Bf4 c5 4. e3 cxd4 5. exd4 Bg4 6. f3 Bd7 7. Nb5 Bxb5 8. Bxb5+ Nc6 9. c3 e6 10. Ne2 Bd6 11. Qd2 Qc7 ({RR} 11... O-O 12. Bg5 e5 13. dxe5 Bxe5 14. O-O-O Qb6 15. Bd3 d4 16. f4 dxc3 17. Nxc3 Bxc3 18. Qxc3 Nb4 19. Kb1 Rac8 20. Bc4 Ne4 21. Bxf7+ Kh8 22. Qh3 Rc2 23. Bb3 Nd2+ 24. Ka1 Nxb3+ 25. Qxb3 Rxg2 26. a3 {Eilenberg,J (2318)-Parfenov,V (2193) chess.com INT 2024 1-0 (42)}) 12. Bxd6 $146 ({RR} 12. O-O O-O 13. Kh1 Rfe8 14. Rae1 a6 15. Bxc6 Qxc6 16. Bxd6 Qxd6 17. Nf4 Rac8 18. Re5 Nd7 19. Rg5 Nf6 20. Nd3 h6 21. Rg3 Nd7 22. Nf4 Nf6 23. Nd3 Nd7 24. Nf4 Nf6 25. Nd3 Nd7 26. Nf4 Nf6 {Charochkina,D (2320)-Kleymenova,V (2047) Cheliabinsk 2022 ½-½}) 12... Qxd6 13. Qf4 Qe7 14. O-O O-O 15. Rae1 Rfc8 16. Qh4 Qd8 17. g4 Ne8 18. Qxd8 Rxd8 19. Nf4 Na5 20. Bxe8 Rxe8 21. Nd3 Nc4 22. Rf2 b6 23. Rfe2 Nd6 24. Kf2 a5 25. Kg3 Ra7 26. h3 Kf8 27. Kf2 Rae7 28. Kg3 f6 29. h4 Kf7 30. a4 Nc4 31. Nf4 Nd6 32. Nd3 h6 33. h5 Nb7 34. Nf4 Nd8 35. Ng6 Rc7 36. f4 Rc4 37. f5 Rxa4 38. Nf4 e5 39. Nxd5 Nc6 40. Nxb6 Ra2 41. Nc4 Rd8 42. dxe5 Nxe5 43. Nxe5+ fxe5 44. Rxe5 Rxb2 45. R1e3 Rc8 46. Rxa5 Rb3 47. Ra7+ Kg8 48. f6 gxf6 49. Kf4 Rbxc3 50. Ree7 R3c4+ 51. Kg3 Rb8 52. Rg7+ Kh8 53. Rh7+ Kg8 54. Rhg7+ Kh8 55. Rgf7 f5 56. Rxf5 Rg8 57. Rf4 Rxf4 58. Kxf4 Rf8+ 59. Ke5 Kg8 60. Ra6 Kh7 61. Ra7+ Kg8 62. Re7 Rf1 63. Re6 Kg7 64. Rg6+ Kh7 65. Rf6 Re1+ 66. Kf5 Rf1+ 67. Ke6 Re1+ 68. Kf7 Re4 69. Rg6 Rf4+ 70. Ke6 Ra4 1/2-1/2

[Event "45th Olympiad Budapest 2024"]
[Site "Budapest"]
[Date "2024.09.20"]
[Round "9.1"]
[White "Rodriguez Vila, Andres"]
[Black "Bjerre, Jonas Buhl"]
[Result "1-0"]
[WhiteElo "2417"]
[BlackElo "2648"]
[PlyCount "65"]
[EventDate "2024.09.11"]
[EventType "team"]
[EventRounds "11"]
[EventCountry "HUN"]
[WhiteTeam "Uruguay"]
[BlackTeam "Denmark"]
[WhiteTeamCountry "URU"]
[BlackTeamCountry "DEN"]

1. e4 e5 2. Nf3 Nc6 3. Bc4 Nf6 4. d3 Bc5 5. O-O d6 6. c3 a6 7. a4 Ba7 8. Be3 Bxe3 9. fxe3 O-O 10. Nbd2 Ne7 11. a5 Ng6 12. Bb3 ({RR} 12. Rf2 Qe7 13. Nf1 c6 14. Ng3 d5 15. Bb3 Be6 16. Nf5 Qd7 17. Ng5 Bxf5 18. exf5 Ne7 19. e4 Rad8 20. Qe2 Qc7 21. h3 c5 22. g4 h6 23. Nf3 c4 24. dxc4 dxe4 25. Nd2 Qc5 26. Re1 Nc6 {Remizov,Y (2443)-Kezin,R (2483) Sochi RUS 2024 1-0 (39)}) ({RR} 12. Qe1 c6 13. Ba2 d5 14. exd5 cxd5 15. e4 Be6 16. exd5 Bxd5 17. Bc4 Re8 18. Qd1 b5 19. Bxd5 Qxd5 20. Ne4 Nxe4 21. dxe4 Qxe4 22. Qb3 Ra7 23. Rae1 Qg4 24. Kh1 Rd7 25. Nd4 Nf4 26. Qc2 f6 {Zambrana,O (2405)-Bjerre,J (2648) Budapest HUN 2024 0-1 (43)}) 12... b5 $146 ({RR} 12... h6 13. Re1 Re8 14. Qc2 c6 15. Nc4 Be6 16. Nb6 Rb8 17. Bxe6 Rxe6 18. b4 Nd7 19. Nxd7 Qxd7 20. c4 d5 21. c5 Rd8 22. Rad1 Re7 23. Qe2 Qe6 24. exd5 Rxd5 25. Nd2 f5 26. Rf1 f4 27. Nc4 {Kravtsiv,M (2677)-Sokolov,I (2603) Heraklion 2017 ½-½ (36)}) 13. axb6 cxb6 14. c4 Bd7 15. Nb1 b5 16. Nc3 b4 17. Nd5 Nxd5 18. exd5 f5 19. Ba4 Bxa4 20. Qxa4 e4 21. Nd4 Qg5 22. Rae1 exd3 23. Ne6 Qg4 24. Nxf8 Rxf8 25. Qxb4 f4 26. h3 Qg5 27. Qxd6 h5 28. Qe6+ Kh8 29. Rf2 f3 30. d6 fxg2 31. Rxg2 Qa5 32. Qxg6 Qxe1+ 33. Kh2 1-0

[Event "45th Olympiad Budapest 2024"]
[Site "Budapest"]
[Date "2024.09.20"]
[Round "9.2"]
[White "Andersen, Mads"]
[Black "Vazquez, Facundo"]
[Result "1-0"]
[WhiteElo "2598"]
[BlackElo "2388"]
[PlyCount "57"]
[EventDate "2024.09.11"]
[EventType "team"]
[EventRounds "11"]
[EventCountry "HUN"]
[WhiteTeam "Denmark"]
[BlackTeam "Uruguay"]
[WhiteTeamCountry "DEN"]
[BlackTeamCountry "URU"]

1. e4 c5 2. Nf3 e6 3. b3 a6 4. Bb2 d5 5. exd5 exd5 6. Qe2+ Be6 7. g3 Nf6 $146 ({RR} 7... Nc6 8. Bh3 Qe7 9. Bxe6 Qxe6 10. Qxe6+ fxe6 11. O-O Nf6 12. Re1 Kd7 13. d4 Rc8 14. Ne5+ Nxe5 15. dxe5 Ng4 16. Nd2 Be7 17. f3 Nh6 18. Rad1 Kc6 19. f4 g5 20. fxg5 Bxg5 21. Nf3 Be7 22. Bc1 {Simacek,P (2470)-Schlosser,P (2599) Pardubice 2011 0-1 (42)}) ({RR} 7... Nc6 8. Bg2 Nf6 9. Ng5 Qe7 10. Nxe6 Qxe6 11. Qxe6+ fxe6 12. Nc3 Bd6 13. O-O-O Kf7 14. f4 Nd4 15. Rde1 h5 16. Bh3 Rae8 17. Rhf1 b5 18. Ne2 Nf5 19. Ng1 Ng4 20. Nf3 Rh6 21. Re2 Ke7 22. Ng5 {Niemann,H (2733)-Carlsen,M (2832) Paris FRA 2024 1-0 (51)}) ({RR} 7... Nc6 8. d3 h6 9. Bh3 Qe7 10. Bg2 Bg4 11. Qxe7+ Ngxe7 12. O-O O-O-O 13. Re1 d4 14. Ne5 Nxe5 15. Rxe5 Ng6 16. Re1 Bd6 17. h3 Be6 18. Nd2 Rhe8 19. a4 a5 20. Nc4 Bc7 21. Rad1 b6 22. Bc1 {Antal,G (2559)-Filip,L (2346) Paracin SRB 2024 1-0 (52)}) ({RR} 7... Nc6 8. Bg2 Nf6 9. Ng5 Qd7 10. Nxe6 fxe6 11. O-O O-O-O 12. Re1 Re8 13. c4 Bd6 14. Nc3 Kb8 15. Na4 Rhf8 16. Rad1 h5 17. Bxf6 gxf6 18. cxd5 Nd4 19. Qxh5 e5 20. Nb6 Qg7 21. Rc1 Rh8 22. Qd1 {Chigaev,M (2632)-Le,Q (2728) chess.com INT 2023 0-1 (40)}) ({RR} 7... Nc6 8. Bg2 d4 9. O-O Be7 10. Ne5 Nxe5 11. Qxe5 Rb8 12. c3 b6 13. Qe4 Nf6 14. Qc6+ Bd7 15. Qf3 Bg4 16. Qc6+ Bd7 17. Qf3 Bg4 {½-½ (17) Ivic,V (2606)-Predke,A (2684) Vrnjacka Banja SRB 2023}) 8. Ng5 Qe7 9. Nxe6 Qxe6 10. Bxf6 gxf6 11. Bg2 Kd8 12. Nc3 d4 13. Nd5 Nd7 14. Kd1 Qxe2+ 15. Kxe2 Rc8 16. Rhe1 Rc6 17. Kf1 Rd6 18. Re2 Bg7 19. Ne7 Bf8 20. Nf5 Rb6 21. Rae1 Kc7 22. Re8 Ne5 23. Bd5 Kd7 24. Ra8 Re6 25. Rb8 d3 26. c4 b5 27. f4 Ng4 28. h3 Rxe1+ 29. Kxe1 1-0

[Event "45th Olympiad Budapest 2024"]
[Site "Budapest"]
[Date "2024.09.20"]
[Round "9.3"]
[White "Roselli Mailhe, Bernardo"]
[Black "Thybo, Jesper Sondergaard"]
[Result "1/2-1/2"]
[WhiteElo "2362"]
[BlackElo "2555"]
[PlyCount "62"]
[EventDate "2024.09.11"]
[EventType "team"]
[EventRounds "11"]
[EventCountry "HUN"]
[WhiteTeam "Uruguay"]
[BlackTeam "Denmark"]
[WhiteTeamCountry "URU"]
[BlackTeamCountry "DEN"]

1. d4 Nf6 2. c4 e6 3. Nf3 d5 4. Nc3 Nbd7 5. cxd5 exd5 6. Bg5 h6 7. Bh4 c6 8. e3 g5 9. Bg3 Nh5 10. Bd3 Nxg3 11. hxg3 Bg7 12. Qc2 Nb6 13. O-O-O Be6 14. Kb1 Qe7 15. Na4 ({RR} 15. Nd2 O-O-O 16. Nb3 Kb8 17. Nc5 Nd7 18. N3a4 Nxc5 19. Nxc5 Bc8 20. a3 Rhf8 21. Bf5 Bxf5 22. Qxf5 b6 23. Nd3 Qe4 24. Qxe4 dxe4 25. Nb4 Kb7 26. f4 a5 27. Na2 f5 28. fxg5 hxg5 29. Rh7 Rf7 {Karthik,R (2382)-Bartel,M (2643) Benasque ESP 2024 ½-½ (66)}) 15... O-O-O 16. Rc1 $146 ({RR} 16. Nc5 Kb8 17. Nd2 Bc8 18. Rc1 Rhf8 19. a4 Na8 20. Bf5 b6 21. Bxc8 Rxc8 22. Qb3 Nc7 23. Nd3 Ne6 24. Rc2 Bxd4 25. exd4 Nxd4 26. Qc3 Nxc2 27. Kxc2 Qd6 28. Qe5 Qxe5 29. Nxe5 Rc7 30. Rxh6 f6 {Baum,J (2283)-Bartel,M (2611) Lodz 2021 1-0 (55)}) 16... Kb8 17. Nc5 Bc8 18. Qb3 Ka8 19. Rc3 h5 20. Qb4 Nd7 21. Ra3 Nxc5 22. dxc5 b5 23. Nd4 Bxd4 24. exd4 Rde8 25. Bc2 Qc7 26. Qd2 h4 27. Rd1 f6 28. Re3 hxg3 29. fxg3 Bg4 30. Rde1 Rxe3 31. Qxe3 Qd7 1/2-1/2

[Event "45th Olympiad Budapest 2024"]
[Site "Budapest"]
[Date "2024.09.20"]
[Round "9.4"]
[White "Olsen, Filip Boe"]
[Black "Coppola, Claudio"]
[Result "1-0"]
[WhiteElo "2441"]
[BlackElo "2286"]
[PlyCount "81"]
[EventDate "2024.09.11"]
[EventType "team"]
[EventRounds "11"]
[EventCountry "HUN"]
[WhiteTeam "Denmark"]
[BlackTeam "Uruguay"]
[WhiteTeamCountry "DEN"]
[BlackTeamCountry "URU"]

1. d4 Nf6 2. c4 c5 3. d5 b5 4. cxb5 a6 5. e3 g6 6. Nc3 axb5 7. Bxb5 Bg7 8. Nf3 O-O 9. O-O Na6 $146 ({RR} 9... Ba6 10. a4 Bxb5 11. Nxb5 d6 12. Re1 Na6 13. e4 Nc7 14. Nxc7 Qxc7 15. Bd2 Nd7 16. Bc3 Rfb8 17. Qc2 Qb7 18. Bxg7 Kxg7 19. Rab1 Qb3 20. Qd2 f6 21. g4 Rxa4 22. Re3 Qa2 23. Qc2 Rab4 24. Re2 {Sovetbekova,N (1764)-Turzo,A (2279) chess.com INT 2023 0-1 (47)}) ({RR} 9... d6 10. a4 Qb6 11. e4 Na6 12. Bg5 Nc7 13. h3 Ba6 14. Qe2 Rfb8 15. Nd2 h6 16. Nc4 Qa7 17. Bd2 Bxb5 18. axb5 Qxa1 19. Rxa1 Rxa1+ 20. Kh2 Nxb5 21. Nxb5 Rxb5 22. Nxd6 Rxb2 23. Nc4 Rc2 24. Qd3 {Giri,A (2762)-Taher,Y (2445) chess.com INT 2024 0-1 (42)}) ({RR} 9... Ba6 10. Bxa6 Rxa6 11. e4 d6 12. Qe2 Qb6 13. Nd2 Nbd7 14. Nc4 Qb7 15. Bd2 Rb8 16. b3 Nb6 17. Rab1 Nxc4 18. bxc4 Rb6 19. Rb5 Ne8 20. Rfb1 Qa6 21. g3 Nc7 22. Rxb6 Rxb6 23. Rxb6 Qxb6 24. Nb5 {Postny,E (2630)-Cahen,A (2105) Nancy 2019 1-0 (33)}) ({RR} 9... Bb7 10. e4 Qa5 11. Bc4 d6 12. Bd2 Qb4 13. Qb3 Ba6 14. Bxa6 Qxb3 15. axb3 Nxa6 16. Ra3 Rfb8 17. Rfa1 Nc7 18. Rxa8 Rxa8 19. Rxa8+ Nxa8 20. Ne1 Nb6 21. f3 Nfd7 22. Nd3 Ne5 23. Nxe5 Bxe5 24. Na4 {Kostouros,A (2095)-Fragakis,E (1920) Chania 2000 1-0 (38)}) 10. e4 Nc7 11. Bc4 d6 12. Re1 Nd7 13. Bf4 Ba6 14. Bxa6 Rxa6 15. Qd2 Nb6 16. Bh6 Nc4 17. Qc1 Qb8 18. Bxg7 Kxg7 19. b3 Na3 20. e5 Ncb5 21. Ne4 f6 22. exf6+ exf6 23. Qb2 Qd8 24. Neg5 Nc7 25. Rac1 h6 26. Ne6+ Nxe6 27. Rxe6 Nb5 28. Qe2 Rb6 29. Re1 Nc7 30. Re7+ Rf7 31. Nd2 Qf8 32. Nc4 Ra6 33. h4 h5 34. a4 Kg8 35. Re3 Qa8 36. Qc2 f5 37. Qd2 Kh7 38. Re7 Qf8 39. Qe2 Nxd5 40. Re8 Qh6 41. Qe6 1-0

[Event "45th Olympiad Budapest 2024"]
[Site "Budapest"]
[Date "2024.09.20"]
[Round "9.1"]
[White "Peralta, Fernando"]
[Black "Kulaots, Kaido"]
[Result "1/2-1/2"]
[WhiteElo "2558"]
[BlackElo "2506"]
[PlyCount "140"]
[EventDate "2024.09.11"]
[EventType "team"]
[EventRounds "11"]
[EventCountry "HUN"]
[WhiteTeam "Argentina"]
[BlackTeam "Estonia"]
[WhiteTeamCountry "ARG"]
[BlackTeamCountry "EST"]

1. d4 Nf6 2. c4 g6 3. Nc3 d5 4. cxd5 Nxd5 5. e4 Nxc3 6. bxc3 Bg7 7. Bc4 c5 8. Ne2 Nc6 9. Be3 O-O 10. O-O b6 11. Qd2 Bb7 12. Rad1 cxd4 ({RR} 12... Rc8 13. Bd5 e6 14. Bxc6 Bxc6 15. Ng3 cxd4 16. cxd4 Bb5 17. Rfe1 Qe7 18. Bh6 Qa3 19. Bxg7 Kxg7 20. Qg5 Kh8 21. Qxb5 Qxa2 22. Qe5+ f6 23. Qf4 a5 24. d5 e5 25. Qe3 b5 26. d6 a4 27. d7 {Kim,S (2295)-Barbot,P (2440) chess.com INT 2024 1-0}) ({RR} 12... Rc8 13. Bh6 cxd4 14. cxd4 Na5 15. Bd3 Nc4 16. Bxc4 Rxc4 17. Bxg7 Kxg7 18. Ng3 Qc7 19. h4 Rc2 20. Qe3 Ba6 21. Rfe1 Rc3 22. Qd2 Rc2 23. Qe3 Rc3 24. Qd2 {½-½ (24) Peralta,F (2566)-Pulvett Marin,D (2476) Benasque 2021}) 13. cxd4 Na5 14. Bd3 Rc8 15. d5 $146 ({RR} 15. Bh6 Qd7 16. Bxg7 Kxg7 17. Qg5 Qe6 18. Nf4 Qxa2 19. Qxe7 Rfe8 20. Qg5 Kh8 21. d5 Qb2 22. Rfe1 Qe5 23. Qh6 Qg7 24. Qg5 Qe5 25. Qh6 Nb3 26. h4 Nc5 27. Bb1 a5 28. Nh3 a4 29. Qe3 Kg7 {Kim,S (2295)-Kilic,E (2415) chess.com INT 2023 0-1 (46)}) ({RR} 15. Bh6 Qd6 16. Bxg7 Kxg7 17. Qg5 h6 18. Qg4 h5 19. Qg5 Qf6 20. Qg3 Rfd8 21. e5 Qc6 22. h4 Nc4 23. Rc1 b5 24. Bxc4 bxc4 25. Rfd1 Qe4 26. Nc3 Qf5 27. Rd2 Be4 28. d5 Bd3 29. Re1 Rc5 {Kim,S (2295)-Grigoriants,S (2557) chess.com INT 2023 1-0 (36)}) ({RR} 15. Bh6 Nc4 16. Bxc4 Rxc4 17. Bxg7 Kxg7 18. Ng3 e6 19. Qf4 Qf6 20. Qe3 Rd8 21. e5 Qe7 22. Qf4 Qd7 23. Qg4 Rxd4 24. Rxd4 Qxd4 25. Qg5 h6 26. Qf6+ Kg8 27. h4 Rd5 28. Re1 {1-0 (28) Kim,S (2295)-Vivas Zamora,F (2346) chess.com INT 2023}) 15... Nc4 16. Bxc4 Rxc4 17. Bd4 Qd7 18. Bxg7 Kxg7 19. Nd4 Qc7 20. Qg5 Bc8 21. h4 f6 22. Qe3 Bd7 23. Qa3 Qd6 24. Qe3 Rfc8 25. Rd3 Qc7 26. Rfd1 Rc1 27. Ne6+ Bxe6 28. dxe6 Qc2 29. Rxc1 Qxc1+ 30. Qxc1 Rxc1+ 31. Kh2 Rc6 32. Rd7 Rxe6 33. Rxa7 Rxe4 34. g3 Kf7 35. a4 Re5 36. Ra6 Ra5 37. Rxb6 Rxa4 38. Kg2 Ra1 39. Rb8 Rc1 40. Ra8 Rb1 41. Rc8 h5 42. Ra8 Ke6 43. Ra5 Re1 44. Ra4 Kf5 45. Rf4+ Ke5 46. Ra4 Rc1 47. Ra5+ Kd6 48. Ra6+ Rc6 49. Ra8 Ke6 50. Ra7 Rc8 51. Rb7 Rd8 52. Ra7 Rd7 53. Ra5 Rd5 54. Ra7 Rd7 55. Ra5 Kf7 56. Ra6 e5 57. f3 Ke7 58. Kf2 Rd6 59. Ra8 Rd2+ 60. Kf1 Ke6 61. Rg8 Kf5 62. Rf8 Ra2 63. Kg1 Ra3 64. Kf2 Ra2+ 65. Kg1 Ra6 66. Kf2 Rc6 67. Rg8 Rc7 68. Kg2 Rc2+ 69. Kg1 Rb2 70. Kf1 Ra2 1/2-1/2

[Event "45th Olympiad Budapest 2024"]
[Site "Budapest"]
[Date "2024.09.20"]
[Round "9.2"]
[White "Volodin, Aleksandr"]
[Black "Krysa, Leandro"]
[Result "1/2-1/2"]
[WhiteElo "2457"]
[BlackElo "2495"]
[PlyCount "92"]
[EventDate "2024.09.11"]
[EventType "team"]
[EventRounds "11"]
[EventCountry "HUN"]
[WhiteTeam "Estonia"]
[BlackTeam "Argentina"]
[WhiteTeamCountry "EST"]
[BlackTeamCountry "ARG"]

1. d4 Nf6 2. c4 e6 3. Nf3 d5 4. Nc3 dxc4 5. e3 a6 6. a4 b6 7. Bxc4 Bb7 8. O-O c5 9. Qe2 Be7 ({RR} 9... Qc7 10. Rd1 Nbd7 11. d5 exd5 12. Nxd5 Nxd5 13. e4 N5f6 14. e5 Be7 15. Bf4 Nd5 16. Rxd5 O-O 17. e6 Qxf4 18. Rxd7 Bxf3 19. exf7+ Kh8 20. Qxf3 Qxf3 21. gxf3 Bf6 22. Re1 b5 23. axb5 axb5 24. Bxb5 {Dardha,D (2630)-Alekseenko,K (2655) Ciutadella de Menorca ESP 2024 1-0}) ({RR} 9... Qc7 10. Rd1 Nbd7 11. d5 exd5 12. Nxd5 Nxd5 13. e4 N5f6 14. e5 Ne4 15. Bxf7+ Kxf7 16. e6+ Kxe6 17. Ng5+ Ke7 18. Qc4 Nd6 19. Rxd6 Qxd6 20. Qf7+ Kd8 21. Ne6+ Qxe6 22. Qxe6 Be7 23. Be3 Rc8 24. Rd1 {Panda,S (2363)-Makarian,R (2524) Gandhinagar IND 2024 0-1 (132)}) 10. dxc5 $146 ({RR} 10. Rd1 Qc7 11. d5 exd5 12. Nxd5 Nxd5 13. Bxd5 Bxd5 14. Rxd5 Nc6 15. Bd2 O-O 16. Bc3 Qb7 17. Rad1 Rad8 18. Rxd8 Rxd8 19. Rxd8+ Nxd8 20. Qd3 b5 21. axb5 axb5 22. b3 Ne6 23. h3 f6 24. Nd2 Qc6 {Loiacono,L (2297)-Pultinevicius,P (2559) Bassano del Grappa ITA 2023 ½-½ (58)}) ({RR} 10. Rd1 Qc7 11. d5 exd5 12. Nxd5 Nxd5 13. Bxd5 Bxd5 14. Rxd5 Nc6 15. Bd2 Bf6 16. Bc3 Bxc3 17. bxc3 O-O 18. h4 h6 19. Rad1 Rfd8 20. Rxd8+ Nxd8 21. Qd3 Nc6 22. Qe4 Rc8 23. c4 Nb4 24. Ne5 Re8 {Jankovic,A (2548)-Berczes,D (2446) Hungary HUN 2022 1-0}) ({RR} 10. Rd1 Qc8 11. b3 Nc6 12. d5 exd5 13. Bxd5 O-O 14. e4 Nd4 15. Nxd4 cxd4 16. Bxb7 Qxb7 17. Rxd4 Bc5 18. Rd1 Rfe8 19. e5 Nd7 20. Bf4 {1-0 (20) Kryakvin,D (2594)-Bezzubenkov,S (2200) Cheliabinsk 2020}) 10... bxc5 11. e4 Qc7 12. e5 Nfd7 13. Bf4 Nc6 14. Rad1 O-O 15. h4 Rfd8 16. h5 h6 17. Rfe1 Nb4 18. Ne4 Bxe4 19. Qxe4 Nb6 20. Rxd8+ Rxd8 21. Bxe6 Qc6 22. Qxc6 Nxc6 23. Bf5 Nxa4 24. b3 Nc3 25. e6 Nd5 26. exf7+ Kxf7 27. Bg3 Kf8 28. Bd3 a5 29. Bc4 Bf6 30. Re6 Nde7 31. Bf4 Nd4 32. Nxd4 Bxd4 33. Bd6 Rd7 34. g3 Rb7 35. Kg2 Ke8 36. f4 Kd8 37. g4 Nc8 38. g5 Nxd6 39. Rxd6+ Rd7 40. Ra6 hxg5 41. fxg5 Bc3 42. Kf3 Kc7 43. Ke4 Rd6 44. Ra7+ Kb8 45. Ra6 Rxa6 46. Bxa6 Kc7 1/2-1/2

[Event "45th Olympiad Budapest 2024"]
[Site "Budapest"]
[Date "2024.09.20"]
[Round "9.3"]
[White "Flores, Diego"]
[Black "Seeman, Tarvo"]
[Result "1-0"]
[WhiteElo "2546"]
[BlackElo "2375"]
[PlyCount "79"]
[EventDate "2024.09.11"]
[EventType "team"]
[EventRounds "11"]
[EventCountry "HUN"]
[WhiteTeam "Argentina"]
[BlackTeam "Estonia"]
[WhiteTeamCountry "ARG"]
[BlackTeamCountry "EST"]

1. Nf3 Nf6 2. g3 g6 3. b4 Bg7 4. Bb2 b6 5. Bg2 Bb7 6. O-O c5 7. bxc5 ({RR} 7. a3 O-O 8. c4 d6 9. d4 cxd4 10. Qxd4 Nc6 11. Qc3 Rc8 12. Nbd2 Qd7 13. Rfd1 Nh5 14. Qb3 Bxb2 15. Qxb2 Rc7 16. Rac1 Qe6 17. e3 Rfc8 18. Ng5 Qf6 19. Qxf6 Nxf6 20. Nb3 Ne5 21. Bxb7 Rxb7 {Vila Dupla,A (2042)-Kepeschuk,M (2269) chess.com INT 2024 0-1}) 7... bxc5 8. Nc3 $146 ({RR} 8. c4 O-O 9. Nc3 Ne4 10. Nxe4 Bxe4 11. Bxg7 Kxg7 12. Qc1 Nc6 13. Qc3+ Kg8 14. Qe3 Bxf3 15. Bxf3 Qa5 16. Rfb1 Rab8 17. Rxb8 Rxb8 18. Bxc6 dxc6 19. Qxe7 Qxd2 20. Qxa7 Rb2 21. Qxc5 Qxe2 22. a4 Rc2 {Zaichik,G-Korsunsky,R Tbilisi 1976 1-0}) 8... d6 9. Rb1 Nbd7 10. e4 O-O 11. Re1 Rb8 12. d3 Ba8 13. Ba1 Rxb1 14. Qxb1 Qc7 15. Nb5 Qb6 16. c4 Rb8 17. Qc2 a6 18. Nc3 e6 19. Rb1 Qc7 20. Ne2 Rxb1+ 21. Qxb1 Ng4 22. Bxg7 Kxg7 23. Nd2 Nge5 24. f4 Nc6 25. Qb2+ e5 26. Bh3 Qb6 27. Qxb6 Nxb6 28. Nb3 Kf6 29. a3 Ke7 30. Kf2 f6 31. Ke3 Kd8 32. Be6 Nd4 33. Nexd4 exd4+ 34. Kd2 Bc6 35. h4 Ke7 36. Bh3 Bd7 37. Bxd7 Kxd7 38. g4 h6 39. Nc1 Nc8 40. Ne2 1-0

[Event "45th Olympiad Budapest 2024"]
[Site "Budapest"]
[Date "2024.09.20"]
[Round "9.4"]
[White "Timoshin, Andrei"]
[Black "Sosa, Tomas"]
[Result "0-1"]
[WhiteElo "2230"]
[BlackElo "2515"]
[PlyCount "112"]
[EventDate "2024.09.11"]
[EventType "team"]
[EventRounds "11"]
[EventCountry "HUN"]
[WhiteTeam "Estonia"]
[BlackTeam "Argentina"]
[WhiteTeamCountry "EST"]
[BlackTeamCountry "ARG"]

1. e4 e6 2. d4 d5 3. Nd2 h6 4. c3 c5 5. exd5 Qxd5 6. Ngf3 cxd4 7. Bc4 Qh5 8. Nxd4 Qxd1+ 9. Kxd1 Nf6 10. Nb5 $146 ({RR} 10. N2f3 a6 11. Ke2 Bd6 12. Rd1 Bc7 13. h3 O-O 14. a4 Re8 15. Ba2 b6 16. Nc2 Bb7 17. c4 Nbd7 18. Be3 Rad8 19. b3 Nh5 20. Nfe1 f5 21. Kf1 f4 22. Bd2 Be5 23. Rab1 Nc5 24. a5 Ne4 {Valkama,E (2222)-Soysal,S (2398) Stockholm 2019 0-1 (39)}) 10... Na6 11. Nb3 Be7 12. Be3 b6 13. f3 Bb7 14. Ke2 O-O 15. g3 Rfc8 16. Bd3 Nd5 17. Bd4 Nb8 18. a4 Nc6 19. Rhd1 a6 20. Na3 Nxd4+ 21. Nxd4 Rxc3 22. Nc4 Bc5 23. bxc3 Nxc3+ 24. Ke3 Nd5+ 25. Kd2 Bxd4 26. Ra3 Bc5 27. Rb3 Bb4+ 28. Kc1 b5 29. Nb6 Nxb6 30. Rxb4 Nxa4 31. Be4 Bxe4 32. fxe4 Nc3 33. Rd2 e5 34. Rb3 Rc8 35. Kb2 Nxe4 36. Re2 Nd6 37. Rd3 Nc4+ 38. Kb3 Rc7 39. Rd8+ Kh7 40. Ra8 Rc6 41. Kb4 f5 42. Ra2 f4 43. gxf4 exf4 44. R2xa6 Rxa6 45. Rxa6 f3 46. Ra2 Kg6 47. Kxb5 Ne5 48. Ra1 Kf5 49. Kc5 Ng4 50. h3 Ne3 51. Ra8 Kf4 52. Ra4+ Kg3 53. Ra3 f2 54. Rxe3+ Kg2 55. Re2 Kg1 56. Rxf2 Kxf2 0-1